000 00242nam a2200109Ia 4500
008 230320s9999||||xx |||||||||||||| ||spa||
082 _a828.9/W24
100 _aWallace, Edgar
245 0 _aArquero Verde
260 _bAGUILAR
942 _80
_cLIB
999 _c32407
_d32407